000 00282nam a2200121Ia 4500
008 250417s9999||||xx |||||||||||||| ||und||
020 _a9788132107507
082 _a150.1988 SNY
100 _aC.R. Snyder
245 0 _aPositive psychology
260 _bSage Publications
942 _cBK
999 _c6793
_d6793